| 000 | 00000nam 2200000zi 4500 |
| 001 | 9.948229 |
| 003 | CaOODSP |
| 005 | 20250707145612 |
| 006 | m o d f |
| 007 | cr |n||||||||| |
| 008 | 250220t20252025onc ob f000 0 eng d |
| 020 | |a9780660758978 |
| 040 | |aCaOODSP|beng|erda|cCaOODSP |
| 043 | |an-cn--- |
| 086 | 1 |aBT22-224/1-2025E-PDF |
| 245 | 00|aGuide to advance payments. |
| 264 | 1|aOttawa, Ontario : |bTreasury Board of Canada, Secretariat, |c2025. |
| 264 | 4|c©2025 |
| 300 | |a1 online resource (17 unnumbered pages) |
| 336 | |atext|btxt|2rdacontent |
| 337 | |acomputer|bc|2rdamedia |
| 338 | |aonline resource|bcr|2rdacarrier |
| 500 | |aIssued also in French under title: Guide sur les paiements anticipés. |
| 500 | |a"Published: 2025-02-03." |
| 504 | |aIncludes bibliographical references (page [14]). |
| 650 | 0|aGovernment spending policy|zCanada. |
| 650 | 0|aFinance, Public|zCanada. |
| 710 | 1 |aCanada. |bTreasury Board, |eissuing body. |
| 775 | 08|tGuide sur les paiements anticipés.|w(CaOODSP)9.948230 |
| 795 | |tGuide to advance payments.|b[2020]|w(CaOODSP)9.885855 |
| 856 | 40|qPDF|s279 KB|uhttps://publications.gc.ca/collections/collection_2025/sct-tbs/BT22-224-1-2025-eng.pdf |
| 856 | 4 |qHTML|sN/A|uhttps://www.tbs-sct.canada.ca/pol/doc-eng.aspx?id=32646§ion=html |